00463nam a22001817a 4500003000400000020001800004082001600022100002000038245003600058260004900094300001000143546001200153650001900165650003400184700001900218700002500237700001900262OSt a9789389571134 a580bAKS/QU aAkshay, I Patel aQuestion bank in plant sciences aNew delhibNew India Publishing Agencyc2020 a256p. aEnglish aplant sciences aMedicinal and aromatic plants aKirti Bardhan  aVipulkumar, B Parekh aBimal, S Desai